000 01138cam a22001934a 4500
005 20250605163935.0
008 250528s ||||||||||||||||||||||||d
035 _a14855
020 _a521370981
040 _aGR-AtMCL
_bgre
_dGR-AtMCL
_eAACR2
245 1 _aThe Shape of Culture / A Study of Contemporary Cultural Patterns in the United States
260 _bCambridge University Press,
_c1992
300 _a212
520 _aIn this book the writer conducts an empirical investigation of cultural institutions and activities in 125 cities in the United States. Acknowledgements, Culture as Structure and Meaning, The American Cultural Landscape, Reproduction and Decline, Co-Occurrence and Tipping In and Bridging, Organizational Assembly and Disassembly, Increasing Returns on Diminishing Artists, A Little More on the Hobby Horse, Masses and Classes, The Transformation of American Culture, Appendices, List of SMSAs and 1970 Population in 100s, Sources and Descriptions of Cultural Indicators, Log Transformation, Polynomial Term, Index.
700 1 _aBlau Judith R.
_9627
942 _cBK
999 _c466
_d466